000 00717nam a22002417a 4500
001 00530
003 DO-SdBNP
005 20180131133357.0
007 00530
008 151019b sp 1959||||| |||| 00| 0 spa d
040 _aBPMSU
_bspa
_cBPMSU
100 1 0 _aBlyton, Enid
245 1 4 _aLas mellizas cambian de colegio /
_cEnid Blyton ; traducción Isabel Franco ; ilustración W. Lindsay Cable
260 _aBarcelona, España :
_bMolino,
_c1959.
300 _a186 p. :
_bil.,
_c20 cm.
490 1 0 _aAventura
_v19
700 _aFranco, Isabel,
_etr.
700 1 0 _aCable, W. Lindsay,
_eil.
830 0 0 _aAventura
_n19
942 _2ddc
_cBK
945 _aInventariado, 2018/MFF
956 _aBTAVÁREZ
_b10
_c13062016
_d00530
999 _c10374
_d10374